000 00481nam a2200181Ia 4500
001 2261
005 20260306143829.0
008 260306t2010||||xx |||||||||||||| ||spa||
041 _aESP
082 _a616.851
_bL88
100 _aLópez del Val, Luis Javier
_eAUT
245 0 _aEnfermedad de Huntington:
_bclaves y respuestas para un desafió singular
260 _c2010
300 _axii, 145 páginas :
_c24 cm.
650 _aGEN
654 _aCPS
942 _cLIB
_dJUS
_fJUS
_2ddc
_n
999 _c2261
_d2261